| 000 | 00429nam a2200157 i 4500 | ||
|---|---|---|---|
| 001 | 92391 | ||
| 003 | ES-MaACL | ||
| 005 | 20230906180948.0 | ||
| 007 | t| | ||
| 008 | 050307s1934 ag ||||1| spa d | ||
| 100 | 1 |
_aLillo Catalán, V. _972295 |
|
| 245 | 1 | 0 |
_aHoras del hogar _b: poesía / _cV. Lillo Catalán. |
| 260 |
_aBuenos Aires : _bRadeba, _c1934 ( _fA. Garcia) |
||
| 300 |
_a105 p. ; _c24 cm. |
||
| 852 |
_aES-MaACL _jA-2927 |
||
| 999 |
_c92391 _d92391 |
||